000 00410nam a2200181Ia 4500
005 20250603145949.0
008 250603s9999 xx 000 0 und d
020 _a9780074633632
050 _aTJ 260 .S77/
100 _aSarkar, B.K.
245 0 _aThermal engineering
260 _aNew Delhi
260 _bTata McGraw - Hill
260 _c2008
300 _a663 p
650 _aNew Delhi
942 _cBK
999 _c43372
_d43372